| 000 | 00797nam a22002177a 4500 | ||
|---|---|---|---|
| 999 |
_c11140 _d11140 |
||
| 003 | AR-CdUCM | ||
| 008 | 190403b ||||| |||| 00| 0 spa d | ||
| 040 |
_aMUNICIPALIDAD PROVINCIAL DEL CUSCO _cBIBLIOTECA MUNICIPAL DEL CUSCO |
||
| 082 |
_a348.3 / _bP85 / 1944 |
||
| 100 |
_aPosadas, Efrén _928331 |
||
| 245 |
_aProcedimientos mineros : _bexposición y sistematización de la legislación minera procesal / |
||
| 260 |
_aLima : _bD. Miranda, _c1944. |
||
| 300 |
_a102 páginas ; _c21 cm. |
||
| 505 | _aContenido: De los procedimiento -- Otras normas de procedimiento -- De las reservas y procedimientos transitorios. | ||
| 650 |
_aDerecho Minero _94035 |
||
| 650 |
_aLegislación _92962 |
||
| 650 |
_aPerú _935 |
||
| 700 |
_aPosadas, Tobías _928332 |
||
| 942 |
_2ddc _cLIBROS |
||
| 945 | _aacv | ||